| 000 | 00000nam##2200000za#4500 |
| 001 | 9.644374 |
| 003 | CaOODSP |
| 005 | 20250506145324 |
| 007 | cr ||||||||||| |
| 008 | 150407|1992||||xxc|||||o f|0| 0 fre|d |
| 040 | |aCaOODSP|bfre |
| 043 | |an-cn--- |
| 086 | 1 |aA43-1878/1992F-PDF |
| 110 | 1 |aCanada.|bAgriculture Canada. |
| 245 | 10|aStades du cycle vital du doryphore de la pomme de terre / |h[ressource électronique]|c[par] Gilles Boiteau et Jean-Pierre R. Le Blanc. |
| 260 | |aOttawa - Ontario : |bAgriculture Canada |c1992. |
| 300 | |a16p.|bfigures, tableau, photographies |
| 500 | |aPublication historique numérisée par Agriculture et Agroalimentaire Canada. |
| 504 | |aBibliographie. |
| 590 | |a15-05-Supp|b2015-03-31 |
| 720 | 1 |aBoiteau, Gilles |
| 720 | 1 |aLe Blanc, Jean-Pierre R. |
| 775 | 08|tColorado potato beetle life stages / |w(CaOODSP)9.693532 |
| 776 | 0#|tStades du cycle vital du doryphore de la pomme de terre / |w(CaOODSP)9.678806 |
| 856 | 40|ahttp://publications.gc.ca|qPDF|s964 Ko|uhttps://publications.gc.ca/collections/collection_2015/aac-aafc/A43-1878-1992-fra.pdf |
| 986 | |a1878/F |